| 000 | 01132aam a2200457a 44500 | ||
|---|---|---|---|
| 008 | 940210s1993 cat | ||
| 017 | _aB-37343-1993 | ||
| 020 | _a8439327234 | ||
| 041 | _acat | ||
| 041 | _beng | ||
| 041 | _bfre | ||
| 041 | _bspa | ||
| 080 | _a625.1(038) | ||
| 100 |
_aMilà i Gallart, Roser _961910 |
||
| 245 |
_aTerminologia ferroviària: Material rodant _cRoser Milà i Gallart |
||
| 260 |
_aBarcelona _bGeneralitat de Catalunya. Departament de Cultura _c1993 |
||
| 300 |
_a154 p _c24 cm |
||
| 365 | _b1.600 | ||
| 365 | _cptes | ||
| 500 | _aBibliografia, índexs | ||
| 500 | _aCategoria gramatical, sinònims | ||
| 500 | _btermcat | ||
| 520 | _a650 | ||
| 546 | _aca | ||
| 546 | _aes | ||
| 591 | _aFERROV | ||
| 592 | _aObra terminològica | ||
| 593 | _aLF | ||
| 594 | _a3977 | ||
| 650 |
_aferrocarrils _960896 |
||
| 901 | _c<1993> | ||
| 902 | _a940210 | ||
| 942 |
_cMO _n0 _2ddc |
||
| 999 |
_c51687 _d51687 |
||